000 02077nam a22003497a 4500
001 103874
003 KnowledgeUnlatched
005 20210303104954.0
006 m o d
007 cr u||||||||||
008 210129p20182020xxk o u00| u eng d
037 _5BiblioBoard
245 0 0 _aChinese Stardom in Participatory Cyberculture
_cDorothy Wai Sim Lau.
020 _a9781474430357
029 1 _ahttps://library.biblioboard.com/ext/api/media/4ca6672f-2177-47e7-84a3-855f0478f9f7/assets/thumbnail.jpg
040 _aScCtBLL
_cScCtBLL
100 1 _aLau, Dorothy Wai Sim
_eauthor.
264 1 _bEdinburgh University Press,
300 _a1 online resource (1 p.)
506 0 _aAccess copy available to the general public.
_fUnrestricted
_2star
520 _aAs Chinese performers have become more visible on global screens, their professional images - once the preserve of studios and agents - have been increasingly relayed and reworked by film fans. Web technology has made searching, poaching, editing, posting and sharing texts significantly easier, and by using a variety of seamless and innovative methods a new mode of personality construction has been developed. With case studies of high-profile stars like Jet Li, Jackie Chan and Donnie Yen, this ground-breaking book examines transnational Chinese stardom as a Web-based phenomenon, and as an outcome of the participatory practices of cyber fans.
588 0 _aDescription based on print version record.
590 _aKU Select 2019: HSS Backlist Books
650 7 _aPerforming Arts / Film / History & Criticism
_2bisacsh
650 0 _aPerforming arts
655 0 _aElectronic books.
758 _iIs found in:
_aKnowledge Unlatched
_1https://openresearchlibrary.org/module/2774bc74-146a-484f-a7ba-ab1d6a09bbfb
856 4 0 _uhttps://openresearchlibrary.org/content/4ca6672f-2177-47e7-84a3-855f0478f9f7
_zView this content on Open Research Library.
_70
999 _c33144
_d33144